| 000 | 01692nam0a2200397 4500 | ||
|---|---|---|---|
| 001 | RU\NLR\BIBL_A\022707334 | ||
| 005 | 20260203152408.0 | ||
| 010 |
_a978-5-17-163816-0 _92000 |
||
| 021 |
_aRU _bКН-П-25-074162 _9КН-П-25-7190 |
||
| 035 | _a(NLR Aleph) 022707334 | ||
| 090 |
_a13544460 _c13544460 |
||
| 100 | _a20260122d2026 u y0rusy50 ca | ||
| 101 | 0 | _arus | |
| 102 | _aRU | ||
| 105 | _aa z 000ay | ||
| 181 | 0 |
_ai3 _baxxe |
|
| 181 | 0 |
_ab1 _bxb2e |
|
| 182 | 0 | _an | |
| 200 | 1 |
_aПод светом лампы _eмоменты тихого счастья _eтеплые вечерние рассказы _fCаша Паулан, Лев Кузьминский, Лера Переславцева, Анна Рыжак |
|
| 203 |
_aТекст _aИзображение _bвизуальные _cнепосредственные |
||
| 210 |
_aМосква _cАСТ _d2026 (печ. 2025) |
||
| 215 |
_a154, [4] с. _cил., табл., цв. ил. _d24 |
||
| 225 | 1 | _aУютный разговор | |
| 300 | _aНа пер. авт. не указаны | ||
| 327 | 1 | _aСодерж. циклы.: Новые времена года ; Тепло родных людей ; Дары гостеприимства ; Магия встречи | |
| 333 | _a16+ | ||
| 686 | 2 | _aШ6(2=Р)8-440.5 | |
| 701 | 1 |
_aПаулан _bА. _f1990- _gАлександр _3RU\NLR\AUTH\770264114 |
|
| 701 | 1 |
_aКузьминский _bЛ. _gЛев |
|
| 701 | 1 |
_aПереславцева _bЛ. _gЛера |
|
| 701 | 1 |
_aРыжак _bА. _gАнна |
|
| 942 | _cBOOK | ||
| 980 | _aNB | ||